000 00353nam a2200133Ia 4500
005 20260326235452.0
008 260326s9999||||xx |||||||||||||| ||und||
100 _aBenévolo, Leonardo
245 0 _aHistoria de la Arquitectura Moderna /
_cLeonardo Benévolo
260 _bGustavo Gili
300 _a943 p.
650 _aARQUITECTURA MODERNA
942 _cBK
999 _c7818
_d7818